[Event "European Senior Team Championship 2021"]
[Site "Don Giovanni hotel, Vinohradska 2733, Prague, Czech Republic"]
[Date "2021.09.01"]
[Round "3"]
[Board "1"]
[White "Vaisser, Anatoly"]
[Black "Knaak, Rainer"]
[Result "1/2-1/2"]
[WhiteElo "2496"]
[BlackElo "2476"]
[PlyCount "0"]
[EventDate "2021.08.30"]
[EventType "team"]
[EventRounds "9"]
[EventCountry "ECX"]
[WhiteTeam "FRANCE"]
[BlackTeam "LASKER SCHACHSTIFTUNG GK"]

1. d4 {[%clk 1:30:52]} d5 {[%clk 1:30:48]} 2. c4 {[%clk 1:31:12]} e6
{[%clk 1:31:11]} 3. Nc3 {[%clk 1:31:26]} a6 {[%clk 1:31:21]} 4. cxd5
{[%clk 1:30:00]} exd5 {[%clk 1:31:46]} 5. Bf4 {[%clk 1:29:41]} Nf6
{[%clk 1:31:26]} 6. e3 {[%clk 1:28:53]} Bd6 {[%clk 1:31:39]} 7. Be5
{[%clk 1:22:33]} c6 {[%clk 1:18:19]} 8. Nf3 {[%clk 1:21:16]} Bf5 {[%clk 1:05:32]}
9. Qb3 {[%clk 1:16:36]} b5 {[%clk 0:56:34]} 10. a4 {[%clk 1:09:50]} b4
{[%clk 0:56:49]} 11. Na2 {[%clk 1:10:05]} a5 {[%clk 0:57:26]} 12. Nc1
{[%clk 1:08:23]} O-O {[%clk 0:54:39]} 13. Nd3 {[%clk 1:04:20]} Ne4
{[%clk 0:54:16]} 14. Rc1 {[%clk 1:03:21]} f6 {[%clk 0:51:16]} 15. Bxd6
{[%clk 1:01:29]} Qxd6 {[%clk 0:51:39]} 16. Nd2 {[%clk 0:51:25]} Nxd2
{[%clk 0:27:03]} 17. Kxd2 {[%clk 0:51:38]} Bxd3 {[%clk 0:26:55]} 18. Bxd3
{[%clk 0:51:43]} f5 {[%clk 0:27:16]} 19. Qc2 {[%clk 0:49:20]} g6 {[%clk 0:26:58]}
20. g3 {[%clk 0:48:23]} Rf6 {[%clk 0:27:21]} 21. h4 {[%clk 0:44:31]} Nd7
{[%clk 0:26:34]} 22. h5 {[%clk 0:44:24]} Nf8 {[%clk 0:17:55]} 23. hxg6
{[%clk 0:40:47]} hxg6 {[%clk 0:18:21]} 24. Rh2 {[%clk 0:35:45]} Ra7
{[%clk 0:17:07]} 25. Qd1 {[%clk 0:33:56]} Rff7 {[%clk 0:16:24]} 26. Qf3
{[%clk 0:31:28]} Ne6 {[%clk 0:14:57]} 27. Rh6 {[%clk 0:28:30]} Kg7
{[%clk 0:09:20]} 28. Qh1 {[%clk 0:26:47]} Nf8 {[%clk 0:07:32]} 29. Rh8
{[%clk 0:26:09]} Kf6 {[%clk 0:07:22]} 30. Qh4+ {[%clk 0:24:10]} Ke6
{[%clk 0:07:45]} 31. Qh6 {[%clk 0:23:16]} Kd7 {[%clk 0:07:21]} 32. Rg8
{[%clk 0:20:47]} Kd8 {[%clk 0:02:51]} 33. Qg5+ {[%clk 0:14:04]} Kd7
{[%clk 0:02:30]} 34. Qh6 {[%clk 0:12:49]} Qf6 {[%clk 0:02:53]} 35. Rc5
{[%clk 0:08:54]} Ke7 {[%clk 0:03:13]} 36. Qf4 {[%clk 0:06:37]} Qd6
{[%clk 0:03:34]} 37. Qh4+ {[%clk 0:06:38]} Kd7 {[%clk 0:03:47]} 38. Qh8
{[%clk 0:05:15]} Qe7 {[%clk 0:03:40]} 39. Qh6 {[%clk 0:03:46]} Qf6
{[%clk 0:03:46]} 40. Rc1 {[%clk 0:02:48]} Ra8 {[%clk 0:03:04]} 41. Qh8
{[%clk 0:26:41]} Qxh8 {[%clk 0:26:21]} 42. Rxh8 {[%clk 0:27:04]} Kd6
{[%clk 0:18:35]} 43. Ke2 {[%clk 0:26:13]} Raa7 {[%clk 0:17:47]} 44. Rg8
{[%clk 0:24:37]} Rac7 {[%clk 0:17:07]} 45. g4 {[%clk 0:20:01]} Rf6
{[%clk 0:10:09]} 46. gxf5 {[%clk 0:07:00]} gxf5 {[%clk 0:10:34]} 47. Rh1
{[%clk 0:07:07]} c5 {[%clk 0:07:47]} 48. Rhh8 {[%clk 0:05:22]} Ne6
{[%clk 0:05:50]} 49. dxc5+ {[%clk 0:05:39]} Rxc5 {[%clk 0:04:35]} 50. Ra8
{[%clk 0:05:09]} d4 {[%clk 0:03:52]} 51. Ra6+ {[%clk 0:05:09]} Kd5
{[%clk 0:03:51]} 52. Rha8 {[%clk 0:02:40]} dxe3 {[%clk 0:04:13]} 53. fxe3
{[%clk 0:02:56]} f4 {[%clk 0:04:35]} 54. Rxa5 {[%clk 0:03:02]} f3+
{[%clk 0:03:19]} 55. Kf2 {[%clk 0:03:21]} Rxa5 {[%clk 0:03:46]} 56. Rxa5+
{[%clk 0:03:43]} Nc5 {[%clk 0:04:14]} 57. Bc2 {[%clk 0:03:37]} Kc4
{[%clk 0:04:29]} 58. Rb5 {[%clk 0:02:15]} Rf8 {[%clk 0:03:56]} 59. e4
{[%clk 0:01:15]} b3 {[%clk 0:04:18]} 60. Rxc5+ {[%clk 0:01:32]} Kxc5
{[%clk 0:04:43]} 61. Bxb3 {[%clk 0:01:57]} Kd4 {[%clk 0:04:37]} 62. Bd5
{[%clk 0:01:20]} Ke5 {[%clk 0:04:11]} 63. a5 {[%clk 0:01:10]} Kf4
{[%clk 0:04:04]} 64. e5 {[%clk 0:00:50]} Rb8 {[%clk 0:03:21]} 65. Bxf3
{[%clk 0:00:38]} Rxb2+ {[%clk 0:03:38]}  1/2-1/2

[Event "European Senior Team Championship 2021"]
[Site "Don Giovanni hotel, Vinohradska 2733, Prague, Czech Republic"]
[Date "2021.09.01"]
[Round "3"]
[Board "2"]
[White "Kalinitschew, Sergey"]
[Black "Giffard, Nicolas"]
[Result "1-0"]
[WhiteElo "2434"]
[BlackElo "2247"]
[PlyCount "0"]
[EventDate "2021.08.30"]
[EventType "team"]
[EventRounds "9"]
[EventCountry "ECX"]
[WhiteTeam "LASKER SCHACHSTIFTUNG GK"]
[BlackTeam "FRANCE"]

1. Nf3 {[%clk 1:30:53]} c5 {[%clk 1:30:45]} 2. c4 {[%clk 1:31:09]} Nf6
{[%clk 1:31:01]} 3. Nc3 {[%clk 1:31:16]} e6 {[%clk 1:28:38]} 4. g3
{[%clk 1:26:38]} b6 {[%clk 1:28:38]} 5. Bg2 {[%clk 1:27:02]} Bb7 {[%clk 1:29:02]}
6. O-O {[%clk 1:27:26]} Be7 {[%clk 1:29:10]} 7. b3 {[%clk 1:27:06]} a6
{[%clk 1:28:45]} 8. Bb2 {[%clk 1:27:25]} O-O {[%clk 1:29:02]} 9. d4
{[%clk 1:27:27]} cxd4 {[%clk 1:29:24]} 10. Qxd4 {[%clk 1:27:52]} d6
{[%clk 1:29:09]} 11. Rfd1 {[%clk 1:27:50]} Nbd7 {[%clk 1:29:02]} 12. Rac1
{[%clk 1:27:22]} Qc7 {[%clk 1:25:22]} 13. Ng5 {[%clk 1:21:12]} Bxg2
{[%clk 1:24:21]} 14. Kxg2 {[%clk 1:21:39]} Rad8 {[%clk 1:15:10]} 15. f3
{[%clk 1:20:35]} Qb7 {[%clk 1:13:58]} 16. Nge4 {[%clk 1:18:55]} Nxe4
{[%clk 1:09:20]} 17. Qxe4 {[%clk 1:11:37]} Qb8 {[%clk 1:05:23]} 18. Rc2
{[%clk 1:08:55]} Rfe8 {[%clk 1:03:34]} 19. Rcd2 {[%clk 1:08:27]} Bf8
{[%clk 1:02:20]} 20. Qf4 {[%clk 1:07:55]} Ne5 {[%clk 0:53:39]} 21. h4
{[%clk 1:01:38]} h6 {[%clk 0:46:40]} 22. a4 {[%clk 0:42:35]} f5 {[%clk 0:41:55]}
23. e4 {[%clk 0:40:18]} Ng6 {[%clk 0:40:09]} 24. Qe3 {[%clk 0:40:39]} f4
{[%clk 0:39:32]} 25. Qe1 {[%clk 0:39:41]} fxg3 {[%clk 0:35:22]} 26. Qxg3
{[%clk 0:39:36]} Ne5 {[%clk 0:33:22]} 27. Ne2 {[%clk 0:38:33]} Nf7
{[%clk 0:31:18]} 28. Nf4 {[%clk 0:37:45]} e5 {[%clk 0:30:06]} 29. Nd5
{[%clk 0:38:07]} Re6 {[%clk 0:29:52]} 30. Kh1 {[%clk 0:30:24]} Nh8
{[%clk 0:23:47]} 31. Qh3 {[%clk 0:30:18]} Rg6 {[%clk 0:21:55]} 32. f4
{[%clk 0:29:22]} h5 {[%clk 0:18:05]} 33. f5 {[%clk 0:27:51]} Rg4 {[%clk 0:18:19]}
34. Rg2 {[%clk 0:28:19]} Rxg2 {[%clk 0:18:13]} 35. Qxg2 {[%clk 0:28:48]} b5
{[%clk 0:17:51]} 36. cxb5 {[%clk 0:22:54]} axb5 {[%clk 0:18:13]} 37. a5
{[%clk 0:23:22]} Rc8 {[%clk 0:18:11]} 38. Rg1 {[%clk 0:23:21]} Qa7
{[%clk 0:17:21]} 39. Qe2 {[%clk 0:17:47]} Rc5 {[%clk 0:14:53]} 40. b4
{[%clk 0:11:59]} Rxd5 {[%clk 0:10:24]} 41. exd5 {[%clk 0:12:28]} Qb7
{[%clk 0:10:17]} 42. Qe4 {[%clk 0:10:55]} Nf7 {[%clk 0:10:08]} 43. Bc1
{[%clk 0:10:25]} Qc8 {[%clk 0:09:25]} 44. Be3 {[%clk 0:10:32]} Be7
{[%clk 0:08:06]} 45. Rc1 {[%clk 0:10:30]} Qd8 {[%clk 0:08:28]} 46. f6
{[%clk 0:10:11]} Bxf6 {[%clk 0:08:28]} 47. Qf5 {[%clk 0:10:40]} Qe8
{[%clk 0:07:26]} 48. Rc8 {[%clk 0:09:54]}  1-0

[Event "European Senior Team Championship 2021"]
[Site "Don Giovanni hotel, Vinohradska 2733, Prague, Czech Republic"]
[Date "2021.09.01"]
[Round "3"]
[Board "3"]
[White "Boudre, Jean-Pierre"]
[Black "Meister, Jakob"]
[Result "0-1"]
[WhiteElo "2263"]
[BlackElo "2416"]
[PlyCount "0"]
[EventDate "2021.08.30"]
[EventType "team"]
[EventRounds "9"]
[EventCountry "ECX"]
[WhiteTeam "FRANCE"]
[BlackTeam "LASKER SCHACHSTIFTUNG GK"]

1. e4 c5 2. Nf3 {[%clk 1:30:45]} g6 {[%clk 1:30:53]} 3. Bc4 {[%clk 1:29:09]} Bg7
{[%clk 1:30:47]} 4. c3 {[%clk 1:18:44]} e6 {[%clk 1:12:58]} 5. d4
{[%clk 1:13:19]} cxd4 {[%clk 1:13:04]} 6. Nxd4 {[%clk 1:13:45]} a6
{[%clk 1:11:44]} 7. O-O {[%clk 1:10:05]} Ne7 {[%clk 1:10:21]} 8. Bg5
{[%clk 1:01:50]} h6 {[%clk 1:10:34]} 9. Be3 {[%clk 1:01:33]} d5 {[%clk 1:08:36]}
10. exd5 {[%clk 0:59:01]} Nxd5 {[%clk 1:08:41]} 11. Bxd5 {[%clk 0:53:53]} Qxd5
{[%clk 1:08:53]} 12. Qd2 {[%clk 0:54:21]} Nd7 {[%clk 0:58:50]} 13. Na3
{[%clk 0:39:30]} b5 {[%clk 0:48:19]} 14. Rfd1 {[%clk 0:34:32]} Bb7
{[%clk 0:43:47]} 15. f3 {[%clk 0:34:58]} Rd8 {[%clk 0:42:42]} 16. Nac2
{[%clk 0:27:19]} Qh5 {[%clk 0:31:19]} 17. Nb4 {[%clk 0:26:33]} Be5
{[%clk 0:18:26]} 18. f4 {[%clk 0:08:18]} Bxd4 {[%clk 0:17:08]} 19. Qxd4
{[%clk 0:08:34]} O-O {[%clk 0:15:49]} 20. Rd2 {[%clk 0:01:46]} Nf6
{[%clk 0:12:55]} 21. Qxd8 {[%clk 0:01:32]} Rxd8 {[%clk 0:13:19]} 22. Rxd8+
{[%clk 0:02:00]} Kh7 {[%clk 0:13:47]} 23. Re1 {[%clk 0:01:13]} Ng4  0-1

[Event "European Senior Team Championship 2021"]
[Site "Don Giovanni hotel, Vinohradska 2733, Prague, Czech Republic"]
[Date "2021.09.01"]
[Round "3"]
[Board "4"]
[White "Koehler, Gerhard"]
[Black "Berthelot, Yannick"]
[Result "0-1"]
[WhiteElo "2183"]
[BlackElo "2266"]
[PlyCount "0"]
[EventDate "2021.08.30"]
[EventType "team"]
[EventRounds "9"]
[EventCountry "ECX"]
[WhiteTeam "LASKER SCHACHSTIFTUNG GK"]
[BlackTeam "FRANCE"]

1. c4 {[%clk 1:30:57]} f5 {[%clk 1:30:45]} 2. g3 {[%clk 1:31:08]} Nf6
{[%clk 1:30:57]} 3. Bg2 {[%clk 1:31:03]} g6 {[%clk 1:30:50]} 4. Nc3
{[%clk 1:30:28]} Bg7 {[%clk 1:30:49]} 5. d4 {[%clk 1:29:25]} O-O {[%clk 1:30:51]}
6. Nh3 {[%clk 1:29:39]} d6 {[%clk 1:30:21]} 7. d5 {[%clk 1:27:31]} Na6
{[%clk 1:30:22]} 8. Nf4 {[%clk 1:24:53]} Nc5 {[%clk 1:30:08]} 9. Be3
{[%clk 1:20:42]} e5 {[%clk 1:09:42]} 10. dxe6 {[%clk 1:06:00]} Nxe6
{[%clk 1:09:34]} 11. Qd2 {[%clk 0:55:42]} Nxf4 {[%clk 0:49:52]} 12. Bxf4
{[%clk 0:54:10]} Qe7 {[%clk 0:44:45]} 13. O-O {[%clk 0:51:01]} Qf7
{[%clk 0:42:02]} 14. Rac1 {[%clk 0:49:20]} Kh8 {[%clk 0:37:28]} 15. b3
{[%clk 0:44:25]} Ne8 {[%clk 0:31:09]} 16. Nb5 {[%clk 0:42:39]} a6
{[%clk 0:28:46]} 17. Nc3 {[%clk 0:42:34]} Rb8 {[%clk 0:27:02]} 18. Nd5
{[%clk 0:35:20]} Be6 {[%clk 0:23:26]} 19. Rfd1 {[%clk 0:27:04]} c6
{[%clk 0:17:28]} 20. Nc3 {[%clk 0:25:06]} Rd8 {[%clk 0:16:49]} 21. e4
{[%clk 0:19:56]} Rd7 {[%clk 0:14:16]} 22. exf5 {[%clk 0:14:56]} Bxf5
{[%clk 0:14:08]} 23. Ne2 {[%clk 0:13:48]} Nf6 {[%clk 0:04:41]} 24. Nd4
{[%clk 0:08:48]} Nh5 {[%clk 0:04:00]} 25. Be3 {[%clk 0:08:05]} Rdd8
{[%clk 0:02:38]} 26. Nxf5 {[%clk 0:07:07]} Qxf5 {[%clk 0:02:54]} 27. Qb4
{[%clk 0:06:34]} Rf7 {[%clk 0:01:11]} 28. Rxd6 {[%clk 0:05:54]} Rdf8
{[%clk 0:01:32]} 29. Qc5 {[%clk 0:04:03]} Qc8 {[%clk 0:01:06]} 30. Rcd1
{[%clk 0:03:55]} Nf6 {[%clk 0:01:15]} 31. Qg5 {[%clk 0:03:22]} Qe8
{[%clk 0:01:18]} 32. Qh4 {[%clk 0:03:20]} Qe5 {[%clk 0:01:08]} 33. Rd8
{[%clk 0:03:21]} h5 {[%clk 0:01:09]} 34. Rxf8+ {[%clk 0:03:34]} Rxf8
{[%clk 0:01:27]} 35. h3 {[%clk 0:03:29]} Qb2 {[%clk 0:01:30]} 36. Rd2
{[%clk 0:03:43]} Qb1+ {[%clk 0:01:22]} 37. Kh2 {[%clk 0:04:04]} Kh7
{[%clk 0:01:29]} 38. Bc5 {[%clk 0:03:02]} Rf7 {[%clk 0:01:44]} 39. Re2
{[%clk 0:02:35]} Qd1 {[%clk 0:01:23]} 40. Re3 {[%clk 0:02:12]} Qd2
{[%clk 0:01:06]} 41. g4 {[%clk 0:25:40]} Nd7 {[%clk 0:21:04]} 42. Re7
{[%clk 0:16:12]} Qf4+ {[%clk 0:16:41]} 43. Kg1 {[%clk 0:10:47]} Nxc5
{[%clk 0:16:53]} 44. Rxf7 {[%clk 0:11:04]} Qxf7 {[%clk 0:17:11]} 45. gxh5
{[%clk 0:11:29]} gxh5 {[%clk 0:16:04]} 46. b4 {[%clk 0:10:35]} Ne6
{[%clk 0:15:56]} 47. Be4+ {[%clk 0:09:55]} Kh8 {[%clk 0:16:02]} 48. Qg3
{[%clk 0:08:14]} Nf4 {[%clk 0:15:21]} 49. Qf3 {[%clk 0:07:33]} Bd4
{[%clk 0:13:53]} 50. Kh2 {[%clk 0:07:35]} Qf6 {[%clk 0:12:40]} 51. a4
{[%clk 0:07:40]} Qh4 {[%clk 0:11:49]} 52. b5 {[%clk 0:06:05]} axb5
{[%clk 0:11:57]} 53. axb5 {[%clk 0:06:03]} cxb5 {[%clk 0:12:20]} 54. cxb5
{[%clk 0:06:22]} b6 {[%clk 0:12:47]} 55. Qg3 {[%clk 0:06:14]} Qxg3+
{[%clk 0:09:40]} 56. Kxg3 {[%clk 0:04:34]} Be5 {[%clk 0:09:39]} 57. Kh4
{[%clk 0:04:12]} Kg7 {[%clk 0:09:38]} 58. Kg5 {[%clk 0:04:25]} Nxh3+
{[%clk 0:09:44]} 59. Kxh5 {[%clk 0:04:46]} Nxf2 {[%clk 0:10:02]} 60. Bd5
{[%clk 0:04:55]} Kf6 {[%clk 0:10:13]} 61. Bc6 {[%clk 0:04:56]} Bf4
{[%clk 0:09:58]} 62. Bf3 {[%clk 0:04:52]} Ke5 {[%clk 0:09:37]} 63. Kg6
{[%clk 0:05:04]} Ne4 {[%clk 0:09:34]} 64. Bg2 {[%clk 0:05:08]} Nd6
{[%clk 0:09:23]} 65. Bf1 {[%clk 0:04:47]} Kd4 {[%clk 0:08:45]} 66. Kf6
{[%clk 0:05:02]} Kc5 {[%clk 0:08:38]} 67. Ke6 {[%clk 0:05:19]} Bg3
{[%clk 0:08:29]} 68. Bd3 {[%clk 0:05:14]} Nxb5 {[%clk 0:08:34]} 69. Kf5
{[%clk 0:05:28]} Nd6+ {[%clk 0:08:49]} 70. Kg4 {[%clk 0:05:49]} Be5
{[%clk 0:09:06]} 71. Kf3 {[%clk 0:05:51]} Nc4 {[%clk 0:09:17]} 72. Ke2
{[%clk 0:05:42]} b5 {[%clk 0:09:33]} 73. Bc2 {[%clk 0:05:26]} Kd4
{[%clk 0:09:17]} 74. Bh7 {[%clk 0:04:38]} Kc3 {[%clk 0:09:27]} 75. Kd1
{[%clk 0:04:49]} Bf4 {[%clk 0:09:53]} 76. Bg6 {[%clk 0:05:07]} b4
{[%clk 0:09:57]} 77. Bh7 {[%clk 0:05:26]} b3 {[%clk 0:10:15]} 78. Bg6
{[%clk 0:05:45]} Ne3+ {[%clk 0:03:37]} 79. Kc1 {[%clk 0:05:57]} Nc2+
{[%clk 0:03:14]} 80. Kb1 {[%clk 0:04:41]} Na3+ {[%clk 0:03:37]} 81. Ka1
{[%clk 0:04:59]} Be5 {[%clk 0:03:51]}  0-1

[Event "European Senior Team Championship 2021"]
[Site "Don Giovanni hotel, Vinohradska 2733, Prague, Czech Republic"]
[Date "2021.09.01"]
[Round "3"]
[Board "1"]
[White "Chevelevitch, Evgueni"]
[Black "Gruenfeld, Yehuda"]
[Result "1/2-1/2"]
[WhiteElo "2386"]
[BlackElo "2397"]
[PlyCount "0"]
[EventDate "2021.08.30"]
[EventType "team"]
[EventRounds "9"]
[EventCountry "ECX"]
[WhiteTeam "GERMANY 1"]
[BlackTeam "ISRAEL 1"]

1. e4 {[%clk 1:30:57]} c5 {[%clk 1:30:41]} 2. Nf3 {[%clk 1:31:20]} d6
{[%clk 1:31:05]} 3. d4 {[%clk 1:31:42]} cxd4 {[%clk 1:31:29]} 4. Nxd4
{[%clk 1:32:11]} Nf6 {[%clk 1:31:54]} 5. Nc3 {[%clk 1:32:36]} a6 {[%clk 1:32:19]}
6. h3 {[%clk 1:32:42]} e5 {[%clk 1:15:54]} 7. Nde2 {[%clk 1:31:59]} Be7
{[%clk 1:11:36]} 8. g4 {[%clk 1:30:33]} Be6 {[%clk 1:03:48]} 9. Bg2
{[%clk 1:29:53]} Nc6 {[%clk 0:59:20]} 10. Be3 {[%clk 1:24:15]} Na5
{[%clk 0:58:36]} 11. b3 {[%clk 1:17:31]} Rc8 {[%clk 0:54:14]} 12. Nd5
{[%clk 1:11:09]} Nxd5 {[%clk 0:53:35]} 13. exd5 {[%clk 1:11:36]} Bd7
{[%clk 0:53:56]} 14. Ng3 {[%clk 0:55:25]} b5 {[%clk 0:53:45]} 15. Qd2
{[%clk 0:53:17]} Nb7 {[%clk 0:53:02]} 16. b4 {[%clk 0:39:55]} O-O
{[%clk 0:52:29]} 17. O-O {[%clk 0:39:18]} Qc7 {[%clk 0:45:34]} 18. Rfc1
{[%clk 0:38:34]} Qc3 {[%clk 0:45:39]} 19. Qxc3 {[%clk 0:34:47]} Rxc3
{[%clk 0:44:11]} 20. Ne4 {[%clk 0:30:29]} Rc4 {[%clk 0:43:19]} 21. c3
{[%clk 0:30:27]} Rfc8 {[%clk 0:43:31]} 22. f3 {[%clk 0:30:24]} f5
{[%clk 0:31:56]} 23. gxf5 {[%clk 0:30:22]} Bxf5 {[%clk 0:32:19]} 24. Bf1
{[%clk 0:28:18]} R4c7 {[%clk 0:32:32]} 25. a4 {[%clk 0:18:04]} Bxe4
{[%clk 0:23:59]} 26. fxe4 {[%clk 0:18:32]} Rxc3 {[%clk 0:24:21]} 27. axb5
{[%clk 0:18:06]} axb5 {[%clk 0:24:44]} 28. Bxb5 {[%clk 0:18:02]} Nd8
{[%clk 0:23:55]} 29. Ba6 {[%clk 0:12:51]} Rxc1+ {[%clk 0:22:21]} 30. Rxc1
{[%clk 0:13:18]} Rxc1+ {[%clk 0:22:38]} 31. Bxc1 {[%clk 0:13:47]} Nf7
{[%clk 0:22:57]} 32. Bd3 {[%clk 0:04:47]} Kf8 {[%clk 0:19:31]} 33. Be3
{[%clk 0:02:12]} Bg5 {[%clk 0:17:22]} 34. Ba7 {[%clk 0:02:20]} Bd2
{[%clk 0:17:00]} 35. b5 {[%clk 0:02:26]} Bb4 {[%clk 0:17:11]} 36. Kg2
{[%clk 0:02:29]} Ke7 {[%clk 0:16:31]} 37. Be3 {[%clk 0:02:41]} Bc5
{[%clk 0:16:06]} 38. Kf3 {[%clk 0:02:27]} Kd7 {[%clk 0:14:12]} 39. b6
{[%clk 0:02:06]} Kc8 {[%clk 0:13:43]} 40. Ba6+ {[%clk 0:02:19]} Kb8
{[%clk 0:14:05]} 41. h4 {[%clk 0:02:25]} Bxe3 {[%clk 0:03:58]} 42. Kxe3
{[%clk 0:02:53]} h5 {[%clk 0:03:34]} 43. Bb5 {[%clk 0:00:56]} Kb7
{[%clk 0:03:44]} 44. Be8 {[%clk 0:01:20]} Nh6 {[%clk 0:04:02]} 45. Bxh5
{[%clk 0:01:18]} Kxb6 {[%clk 0:04:28]} 46. Be2 {[%clk 0:29:20]} Ng8
{[%clk 0:34:17]} 47. Kd3 {[%clk 0:26:09]} Kc5 {[%clk 0:34:37]} 48. Kc3
{[%clk 0:24:44]} Nf6 {[%clk 0:33:35]} 49. Bf3 {[%clk 0:25:08]} g6
{[%clk 0:32:14]} 50. Bg2 {[%clk 0:23:47]} Nh5 {[%clk 0:32:06]} 51. Bf3
{[%clk 0:20:40]} Nf4 {[%clk 0:32:30]} 52. Bg4 {[%clk 0:20:25]} Ng2
{[%clk 0:32:40]} 53. h5 {[%clk 0:20:38]} gxh5 {[%clk 0:32:54]} 54. Bxh5
{[%clk 0:21:06]} Nf4 {[%clk 0:32:56]} 55. Bg4 {[%clk 0:21:19]} Ng6  1/2-1/2

[Event "European Senior Team Championship 2021"]
[Site "Don Giovanni hotel, Vinohradska 2733, Prague, Czech Republic"]
[Date "2021.09.01"]
[Round "3"]
[Board "2"]
[White "Birnboim, Nathan"]
[Black "Hort, Vlastimil"]
[Result "1/2-1/2"]
[WhiteElo "2375"]
[BlackElo "2385"]
[PlyCount "0"]
[EventDate "2021.08.30"]
[EventType "team"]
[EventRounds "9"]
[EventCountry "ECX"]
[WhiteTeam "ISRAEL 1"]
[BlackTeam "GERMANY 1"]

1. d4 {[%clk 1:30:54]} Nf6 {[%clk 1:30:48]} 2. c4 {[%clk 1:31:01]} g6
{[%clk 1:31:05]} 3. g3 {[%clk 1:30:53]} c6 {[%clk 1:30:27]} 4. Bg2
{[%clk 1:29:38]} d5 {[%clk 1:30:27]} 5. cxd5 {[%clk 1:28:58]} cxd5
{[%clk 1:30:53]} 6. Nf3 {[%clk 1:27:24]} Bg7 {[%clk 1:31:12]} 7. O-O
{[%clk 1:27:38]} Ne4 {[%clk 1:29:21]} 8. Ne5 {[%clk 1:20:47]} Nd7
{[%clk 1:26:31]} 9. Nd2 {[%clk 1:14:23]} Nxe5 {[%clk 1:24:36]} 10. dxe5
{[%clk 1:13:26]} Nxd2 {[%clk 1:24:05]} 11. Qxd2 {[%clk 1:11:03]} Bxe5
{[%clk 1:24:26]}  1/2-1/2

[Event "European Senior Team Championship 2021"]
[Site "Don Giovanni hotel, Vinohradska 2733, Prague, Czech Republic"]
[Date "2021.09.01"]
[Round "3"]
[Board "3"]
[White "Postler, Reinhard"]
[Black "Berkovich, Mark A"]
[Result "0-1"]
[WhiteElo "2250"]
[BlackElo "2323"]
[PlyCount "0"]
[EventDate "2021.08.30"]
[EventType "team"]
[EventRounds "9"]
[EventCountry "ECX"]
[WhiteTeam "GERMANY 1"]
[BlackTeam "ISRAEL 1"]

1. e4 {[%clk 1:30:57]} e5 {[%clk 1:30:47]} 2. Nf3 {[%clk 1:31:18]} d6
{[%clk 1:31:12]} 3. d4 {[%clk 1:31:35]} Nf6 {[%clk 1:31:36]} 4. Nc3
{[%clk 1:31:50]} Nbd7 {[%clk 1:31:59]} 5. Be2 {[%clk 1:32:02]} Be7
{[%clk 1:31:04]} 6. O-O {[%clk 1:32:23]} O-O {[%clk 1:30:46]} 7. Re1
{[%clk 1:32:46]} c6 {[%clk 1:29:43]} 8. a4 {[%clk 1:32:41]} Re8 {[%clk 1:25:08]}
9. Bf1 {[%clk 1:31:48]} Bf8 {[%clk 1:22:14]} 10. a5 {[%clk 1:28:51]} Qc7
{[%clk 1:12:55]} 11. h3 {[%clk 1:15:32]} exd4 {[%clk 1:09:24]} 12. Nxd4
{[%clk 1:15:11]} Nc5 {[%clk 1:09:10]} 13. f3 {[%clk 1:15:22]} d5 {[%clk 1:07:21]}
14. exd5 {[%clk 1:13:57]} Bxh3 {[%clk 1:06:35]} 15. Nce2 {[%clk 1:13:22]} Bd7
{[%clk 0:58:38]} 16. dxc6 {[%clk 1:13:23]} bxc6 {[%clk 0:55:50]} 17. Bf4
{[%clk 1:05:23]} Qb7 {[%clk 0:55:43]} 18. Qc1 {[%clk 0:55:19]} Nd5
{[%clk 0:54:33]} 19. Bg3 {[%clk 0:54:01]} Ne3 {[%clk 0:51:22]} 20. Bf4
{[%clk 0:47:07]} Nxf1 {[%clk 0:50:58]} 21. Rxf1 {[%clk 0:47:35]} Ne6
{[%clk 0:48:40]} 22. Be3 {[%clk 0:44:41]} Rab8 {[%clk 0:43:15]} 23. Nxe6
{[%clk 0:38:23]} Rxe6 {[%clk 0:42:19]} 24. Nd4 {[%clk 0:38:36]} Ree8
{[%clk 0:42:29]} 25. Nb3 {[%clk 0:35:08]} Bf5 {[%clk 0:41:56]} 26. a6
{[%clk 0:26:40]} Qc7 {[%clk 0:40:45]} 27. Nd4 {[%clk 0:22:59]} Bg6
{[%clk 0:37:22]} 28. Bf4 {[%clk 0:21:07]} Qb6 {[%clk 0:36:32]} 29. c3
{[%clk 0:21:24]} Rbd8 {[%clk 0:36:24]} 30. b4 {[%clk 0:19:51]} c5
{[%clk 0:28:02]} 31. bxc5 {[%clk 0:19:46]} Bxc5 {[%clk 0:28:25]} 32. Be3
{[%clk 0:19:45]} Bd3 {[%clk 0:24:00]} 33. Rf2 {[%clk 0:17:29]} h6
{[%clk 0:22:03]} 34. Rb2 {[%clk 0:12:59]} Qf6 {[%clk 0:18:15]} 35. Bf2
{[%clk 0:11:23]} Bxa6 {[%clk 0:18:26]} 36. Nb3 {[%clk 0:05:08]} Bxf2+
{[%clk 0:17:46]} 37. Rxf2 {[%clk 0:05:36]} Qb6 {[%clk 0:06:53]} 38. Nd4
{[%clk 0:05:54]} Bc4 {[%clk 0:06:43]} 39. Qa3 {[%clk 0:03:19]} a6
{[%clk 0:06:35]} 40. Qb2 {[%clk 0:02:17]} Qg6 {[%clk 0:03:42]} 41. Qb1
{[%clk 0:01:36]} Bd3 {[%clk 0:03:03]} 42. Qb4 {[%clk 0:28:37]} Rc8
{[%clk 0:30:37]} 43. Qa3 {[%clk 0:26:36]} Qg5 {[%clk 0:30:25]} 44. Qc1
{[%clk 0:26:38]} Qc5 {[%clk 0:30:10]}  0-1

[Event "European Senior Team Championship 2021"]
[Site "Don Giovanni hotel, Vinohradska 2733, Prague, Czech Republic"]
[Date "2021.09.01"]
[Round "3"]
[Board "4"]
[White "Lederman, Leon"]
[Black "Kierzek, Matthias"]
[Result "1-0"]
[WhiteElo "2246"]
[BlackElo "2201"]
[PlyCount "0"]
[EventDate "2021.08.30"]
[EventType "team"]
[EventRounds "9"]
[EventCountry "ECX"]
[WhiteTeam "ISRAEL 1"]
[BlackTeam "GERMANY 1"]

1. e4 {[%clk 1:30:57]} c6 {[%clk 1:30:53]} 2. d4 {[%clk 1:31:23]} d5
{[%clk 1:31:18]} 3. Nc3 {[%clk 1:31:50]} dxe4 {[%clk 1:31:40]} 4. Nxe4
{[%clk 1:32:16]} Nf6 {[%clk 1:32:02]} 5. Nxf6+ {[%clk 1:32:40]} exf6
{[%clk 1:32:26]} 6. c3 {[%clk 1:33:04]} Bd6 {[%clk 1:32:35]} 7. Bd3
{[%clk 1:33:20]} O-O {[%clk 1:32:50]} 8. Ne2 {[%clk 1:33:45]} Re8
{[%clk 1:33:03]} 9. O-O {[%clk 1:34:09]} Nd7 {[%clk 1:33:24]} 10. Qc2
{[%clk 1:34:08]} Nf8 {[%clk 1:32:31]} 11. b4 {[%clk 1:33:17]} Qc7
{[%clk 1:21:52]} 12. h3 {[%clk 1:31:59]} Be6 {[%clk 1:21:54]} 13. Rb1
{[%clk 1:29:26]} a5 {[%clk 1:12:40]} 14. b5 {[%clk 1:27:30]} cxb5
{[%clk 1:11:09]} 15. Bxb5 {[%clk 1:19:24]} Rec8 {[%clk 1:04:19]} 16. Be3
{[%clk 1:19:05]} Rab8 {[%clk 0:54:32]} 17. Rfc1 {[%clk 1:16:29]} Bc4
{[%clk 0:53:20]} 18. a4 {[%clk 1:16:44]} Nd7 {[%clk 0:48:40]} 19. Bxc4
{[%clk 1:15:19]} Qxc4 {[%clk 0:49:02]} 20. Rb5 {[%clk 1:15:47]} b6
{[%clk 0:35:50]} 21. Bf4 {[%clk 1:08:57]} Rc6 {[%clk 0:33:02]} 22. d5
{[%clk 0:52:32]} Bxf4 {[%clk 0:33:25]} 23. dxc6 {[%clk 0:52:59]} Bxc1
{[%clk 0:33:47]} 24. cxd7 {[%clk 0:53:26]} Ba3 {[%clk 0:33:41]} 25. Nd4
{[%clk 0:52:00]} Rd8 {[%clk 0:25:58]} 26. Qe4 {[%clk 0:50:23]} Kf8
{[%clk 0:24:53]} 27. Rxb6 {[%clk 0:36:02]} Qxc3 {[%clk 0:20:27]} 28. Rc6
{[%clk 0:36:07]} Qa1+ {[%clk 0:19:48]} 29. Kh2 {[%clk 0:36:29]} Be7
{[%clk 0:19:14]} 30. Rc8 {[%clk 0:36:24]}  1-0